[Event "Budapest SixDays 11 IM"]
[Site "Budapest"]
[Date "2023.12.01"]
[Round "7"]
[White "Dhruva, Thota"]
[Black "Szabo, Abel"]
[Result "1-0"]
[WhiteElo "2192"]
[BlackElo "2239"]
[PlyCount "91"]
[EventDate "2023.11.27"]
[EventType "tourn"]
[EventRounds "9"]
[EventCountry "HUN"]
[SourceTitle "CB49_2023"]
[SourceDate "2023.12.06"]
[SourceVersion "1"]
[SourceVersionDate "2023.12.06"]
[SourceQuality "1"]

1. e4 c5 2. Nc3 Nc6 3. Nf3 e5 4. Bc4 d6 5. d3 Be7 6. a4 Nf6 7. Bg5 Nd7 8. h4 h6 9. Bxe7 Qxe7 10. Nd2 Nf6 11. Nf1 Bg4 12. Qd2 Be6 13. Ne3 Nb4 14. Bb5+ Nc6 15. a5 a6 16. Ba4 0-0 17. Ncd5 Bxd5 18. exd5 Nd4 19. c3 Nb5 20. g4 Nh7 21. 0-0-0 Nc7 22. f4 exf4 23. Nf5 Qd8 24. g5 h5 25. c4 g6 26. Nh6+ Kg7 27. Qxf4 f6 28. Nf5+ Kg8 29. Nxd6 fxg5 30. Qe5 Rb8 31. Ne4 Rf5 32. Qc3 Qf8 33. Qa3 gxh4 34. Rhg1 g5 35. Bd7 Rf3 36. d6 Ne8 37. Qxc5 Qf4+ 38. Kc2 Ng7 39. Nxg5 Nxg5 40. Rxg5 Rd8 41. Be6+ Kh8 42. Rxg7 Rf2+ 43. Kb3 Qf6 44. Qxh5+ Kxg7 45. Rg1+ Kf8 46. Rg8# 1-0

[Event "Budapest SixDays 09 IM-B"]
[Site "Budapest"]
[Date "2023.09.22"]
[Round "8"]
[White "Szabo, Abel"]
[Black "Besou, Hussain"]
[Result "0-1"]
[WhiteElo "2223"]
[BlackElo "2353"]
[PlyCount "88"]
[EventDate "2023.09.18"]
[EventType "tourn"]
[EventRounds "9"]
[EventCountry "HUN"]
[SourceTitle "EXT 2024"]
[Source "ChessBase"]
[SourceDate "2023.10.10"]
[SourceVersion "1"]
[SourceVersionDate "2023.10.10"]
[SourceQuality "1"]

1. e4 c5 2. Nf3 d6 3. d4 cxd4 4. Nxd4 Nf6 5. Nc3 a6 6. Bg5 Nbd7 7. Qd2 e6 8. 0-0-0 Qc7 9. f3 b5 10. Kb1 Bb7 11. g4 h6 12. Bxf6 Nxf6 13. h4 b4 14. Nce2 d5 15. exd5 Nxd5 16. Bh3 e5 17. Nf5 0-0-0 18. Qc1 Kb8 19. Ne3 Bc5 20. Nxd5 Bxd5 21. Bg2 Rd7 22. c4 Bb7 23. Rxd7 Qxd7 24. Rd1 Qe7 25. h5 Qh4 26. Qd2 Ka8 27. Nc1 e4 28. fxe4 Qxg4 29. Qe2 Qxe2 30. Nxe2 Re8 31. Ng3 g6 32. Rd2 Kb8 33. Kc2 Kc7 34. Kd3 Bd6 35. Ne2 gxh5 36. Nd4 Rd8 37. Ke2 Rg8 38. Kf2 Bc5 39. Bf3 Rd8 40. Ke3 h4 41. Bg4 Bc8 42. Bf3 h3 43. e5 Rxd4 44. Rxd4 Bb7 0-1

[Event "Budapest SixDays 09 IM-B"]
[Site "Budapest"]
[Date "2023.09.19"]
[Round "3"]
[White "Pap, Gyula"]
[Black "Szabo, Abel"]
[Result "1-0"]
[WhiteElo "2432"]
[BlackElo "2223"]
[PlyCount "87"]
[EventDate "2023.09.18"]
[EventType "tourn"]
[EventRounds "9"]
[EventCountry "HUN"]
[SourceTitle "EXT 2024"]
[Source "ChessBase"]
[SourceDate "2023.10.10"]
[SourceVersion "1"]
[SourceVersionDate "2023.10.10"]
[SourceQuality "1"]

1. e4 c5 2. Nf3 Nc6 3. Nc3 e5 4. Bc4 d6 5. d3 Be7 6. a3 Nf6 7. Ng5 0-0 8. h4 Nd4 9. Nd5 Nxd5 10. Bxd5 Be6 11. Bxe6 Nxe6 12. Qh5 h6 13. Nxe6 fxe6 14. Rh3 Qe8 15. Qg4 Kh7 16. Rg3 Qf7 17. Be3 b5 18. h5 Rac8 19. Rf3 Bf6 20. b4 c4 21. d4 exd4 22. Bxd4 Qe7 23. Qg6+ Kg8 24. Bxf6 Rxf6 25. Rxf6 Qxf6 26. Qxf6 gxf6 27. a4 Rb8 28. Kd2 bxa4 29. Rxa4 d5 30. exd5 exd5 31. Kc3 Kf7 32. Kd4 Ke6 33. g4 Rb6 34. c3 a6 35. Ra5 f5 36. f3 Rd6 37. Rc5 fxg4 38. fxg4 Kf6 39. Rc8 Kg5 40. Rg8+ Kf4 41. Rg6 Rd8 42. Rxh6 Kxg4 43. Rxa6 Kxh5 44. Ra5 1-0

[Event "Budapest One Week IM"]
[Site "Budapest"]
[Date "2023.08.27"]
[Round "9"]
[White "Szabo, Abel"]
[Black "Izsak, Gyula"]
[Result "1/2-1/2"]
[WhiteElo "2234"]
[BlackElo "2396"]
[PlyCount "59"]
[EventDate "2023.08.21"]
[EventType "tourn"]
[EventRounds "9"]
[EventCountry "HUN"]
[SourceTitle "CBM 215 Extra"]
[Source "ChessBase"]
[SourceDate "2023.09.30"]
[SourceVersion "1"]
[SourceVersionDate "2023.09.30"]
[SourceQuality "1"]

1. e4 c5 2. Nf3 e6 3. d4 cxd4 4. Nxd4 a6 5. Qf3 Qf6 6. Qc3 Ne7 7. Bd3 Nbc6 8. Nxc6 Nxc6 9. Qxf6 gxf6 10. Be3 Nb4 11. a4 d5 12. Nc3 dxe4 13. Nxe4 Nxd3+ 14. cxd3 Be7 15. Ke2 f5 16. Nd2 Bd7 17. Rhc1 Bc6 18. g3 Bf6 19. Nc4 0-0 20. Rab1 Rac8 21. Nb6 Rb8 22. b4 Bd8 23. b5 axb5 24. axb5 Bxb6 25. Bxb6 Bd5 26. Bc7 Ra8 27. Ra1 Rxa1 28. Rxa1 f6 29. b6 Kf7 30. f4 1/2-1/2

[Event "Budapest One Week IM"]
[Site "Budapest"]
[Date "2023.08.25"]
[Round "7"]
[White "Szabo, Abel"]
[Black "Vincenti, Leonardo"]
[Result "1/2-1/2"]
[WhiteElo "2234"]
[BlackElo "2140"]
[PlyCount "92"]
[EventDate "2023.08.21"]
[EventType "tourn"]
[EventRounds "9"]
[EventCountry "HUN"]
[SourceTitle "CBM 215 Extra"]
[Source "ChessBase"]
[SourceDate "2023.09.30"]
[SourceVersion "1"]
[SourceVersionDate "2023.09.30"]
[SourceQuality "1"]

1. e4 c5 2. Nf3 d6 3. d4 cxd4 4. Nxd4 Nf6 5. Nc3 a6 6. Bg5 e6 7. f4 Be7 8. Qf3 Qc7 9. 0-0-0 Nbd7 10. g4 b5 11. Bxf6 Nxf6 12. g5 Nd7 13. f5 0-0 14. Rg1 b4 15. Nce2 e5 16. f6 exd4 17. fxe7 Re8 18. e5 d3 19. Nd4 Bb7 20. exd6 Bxf3 21. dxc7 Bxd1 22. Bh3 Nb6 23. Rxd1 Rxe7 24. c8Q+ Nxc8 25. Bg2 Raa7 26. Nc6 d2+ 27. Kxd2 Rad7+ 28. Kc1 Rxd1+ 29. Kxd1 Rb7 30. Ke2 Ne7 31. Nd4 Rc7 32. Kd3 Rc5 33. Bb7 Rxg5 34. Bxa6 Rh5 35. Kc4 Rxh2 36. Kxb4 g5 37. Bb7 g4 38. a4 g3 39. a5 Rd2 40. Kc3 g2 41. Nf3 Rd1 42. a6 Ra1 43. b4 Nf5 44. Kb2 Nd4 45. Ng1 Rxg1 46. a7 Rb1+ 1/2-1/2

[Event "Puspokladany Arnoth Memorial 15th"]
[Site "Puspokladany"]
[Date "2022.07.29"]
[Round "5"]
[White "Szabo, Abel"]
[Black "Nemeth, Zalan"]
[Result "0-1"]
[WhiteElo "2027"]
[BlackElo "2194"]
[PlyCount "120"]
[EventDate "2022.07.27"]
[EventType "swiss"]
[EventRounds "9"]
[EventCountry "HUN"]
[SourceTitle "EXT 2023"]
[Source "ChessBase"]
[SourceDate "2022.10.05"]
[SourceVersion "1"]
[SourceVersionDate "2022.10.05"]
[SourceQuality "1"]

1. e4 c5 2. Nf3 Nc6 3. d4 cxd4 4. Nxd4 e6 5. Nc3 Qc7 6. Be3 a6 7. Qd2 b5 8. 0-0-0 Nf6 9. f3 Bb7 10. g4 Nxd4 11. Bxd4 Be7 12. h4 Rc8 13. Bd3 e5 14. Be3 b4 15. Na4 d5 16. g5 d4 17. gxf6 dxe3 18. Qxe3 Bxf6 19. Nb6 Rd8 20. Nd5 Bxd5 21. exd5 Rxd5 22. Bxa6 Ra5 23. Qd3 0-0 24. Bc4 e4 25. Qxe4 Re5 26. Qf4 Rc8 27. Bb3 Qe7 28. Rd2 Re1+ 29. Rxe1 Qxe1+ 30. Rd1 Bxb2+ 31. Kxb2 Qxd1 32. Qxb4 Qxf3 33. a4 Qf6+ 34. Ka2 g6 35. Qb7 Rd8 36. Qc7 Rd1 37. c3 Qf2+ 38. Ka3 Rb1 39. Qb8+ Kg7 40. Qe5+ f6 41. Qe7+ Kh6 42. Qf8+ Kh5 43. Qf7 Ra1+ 44. Kb4 Qxh4+ 45. Kb5 Qg5+ 46. Kc6 h6 47. Qe6 f5 48. Qd5 Qf6+ 49. Kb7 Qxc3 50. Bd1+ Kh4 51. Qh1+ Qh3 52. Qe1+ Qg3 53. Qh1+ Kg5 54. Qd5 Rb1+ 55. Ka6 Rb8 56. Qd7 Ra8+ 57. Kb5 Qe5+ 58. Kc4 Rb8 59. a5 Qe4+ 60. Kc3 Qe3+ 0-1

[Event "Puspokladany Arnoth Memorial 15th"]
[Site "Puspokladany"]
[Date "2022.07.27"]
[Round "1"]
[White "Purak, Zoltan"]
[Black "Szabo, Abel"]
[Result "0-1"]
[WhiteElo "1764"]
[BlackElo "2027"]
[PlyCount "50"]
[EventDate "2022.07.27"]
[EventType "swiss"]
[EventRounds "9"]
[EventCountry "HUN"]
[SourceTitle "EXT 2023"]
[Source "ChessBase"]
[SourceDate "2022.10.05"]
[SourceVersion "1"]
[SourceVersionDate "2022.10.05"]
[SourceQuality "1"]

1. d4 Nf6 2. c4 g6 3. Nc3 d5 4. Nf3 Bg7 5. Qb3 dxc4 6. Qxc4 0-0 7. e4 Nc6 8. Be2 e5 9. d5 Nd4 10. Nxd4 exd4 11. Qxd4 c6 12. Qd1 Re8 13. dxc6 Qxd1+ 14. Nxd1 Nxe4 15. cxb7 Bxb7 16. f3 Nd6 17. Kf1 Nf5 18. Bd2 Nd4 19. Bd3 Rad8 20. Nf2 Nf5 21. Bxf5 Rxd2 22. Bd3 Bd4 23. Ne4 Rxd3 24. Nd6 Ba6 25. Nxe8 Rd1# 0-1

[Event "HUN-ch U16"]
[Site "Eger"]
[Date "2021.08.27"]
[Round "7"]
[White "Vegh, Benedek"]
[Black "Szabo, Abel"]
[Result "0-1"]
[WhiteElo "1722"]
[BlackElo "1552"]
[PlyCount "72"]
[EventDate "2021.08.20"]
[EventType "swiss"]
[EventRounds "7"]
[EventCountry "HUN"]
[SourceTitle "EXT 2022"]
[Source "ChessBase"]
[SourceDate "2021.10.06"]
[SourceVersion "1"]
[SourceVersionDate "2021.10.06"]
[SourceQuality "1"]

1. c4 c5 2. Nc3 g6 3. g3 Bg7 4. Bg2 Nc6 5. e3 e5 6. Nge2 a6 7. b3 Nge7 8. Bb2 d6 9. 0-0 0-0 10. Nd5 f5 11. d4 e4 12. Nxe7+ Qxe7 13. Qd2 g5 14. dxc5 dxc5 15. Bxg7 Kxg7 16. Nc3 Be6 17. Qb2 Kg8 18. f3 exf3 19. Bxf3 Qg7 20. Na4 Qxb2 21. Nxb2 Nb4 22. Na4 Rac8 23. Bxb7 Rc7 24. Bf3 Nc2 25. Rac1 Nxe3 26. Rfe1 f4 27. Bd5 Kf7 28. Bf3 Rd8 29. Re2 Kf6 30. Nc3 Ke5 31. Kf2 Rd3 32. Ne4 h6 33. Rb1 Bf5 34. Nxc5 Rxc5 35. Rbb2 Kd4 36. a3 Nd1+ 0-1